000
00282nam a22001217a 4500
008
170524b xxu||||| |||| 00| 0 eng d
041
_a
eng
080
_6
7 ED
_a
62
100
_a
26
101
_a
IM
245
_a
PROBLEMS IN ENGINEERING DRAWING
_c
LUZADDER.W.J
942
_2
udc
_c
BK
999
_c
14059
_d
14059